000
00321nam a2200145Ia 4500
008
230718s9999 xx 000 0 und d
041
_a
Eng.
082
_a
362.1
_b
KIN-M
100
_a
King Musice
245
0
_a
Medical Case
260
_a
Pakistan
_b
Axford uninsty
_c
1994
300
_a
380
650
_a
Law
999
_c
26480
_d
26480